000 00433nam a2200121Ia 4500
008 220620s9999||||xx |||||||||||||| ||und||
100 _aStartari, Sonia||SCHIAVETTA, MARCO
245 0 _aChapter Career Calling: Lights and Shadows
546 _aEnglish[eng]
650 _alifelong learning||skills||orientation||guidance||identity||carrier
856 _uhttps://library.oapen.org/bitstream/20.500.12657/55920/1/13844.pdf
942 _cEB
999 _c24174
_d24174